| 000 | 00611nam a2200193Ia 4500 | ||
|---|---|---|---|
| 008 | 140529s9999 xx 000 0 und d | ||
| 020 | _a9781413010459 | ||
| 050 |
_aPE 1408 _b.R6375 2006 |
||
| 100 | _aRobinson, William S. | ||
| 245 |
_aTexts and contexts : _ba contemporary approach to college writing / _cWilliam S. Robinson, Stephanie Tucker |
||
| 250 | _a6th ed. | ||
| 260 |
_aBoston, MA : _bThomson Wadsworth, _cc2006. |
||
| 300 |
_a520 p. ; _c24 cm. |
||
| 500 | _aIncludes bibliographical references and index. | ||
| 521 | _aGE | ||
| 650 | _aReport writing. | ||
| 942 |
_kFOR _cBK |
||
| 999 |
_c117754 _d117754 |
||